00515nam a2200169 a 4500008004100000020001500041050001600056100002400072245005100096246002400147260002800171300002500199350000900224500006600233650003300299650001300332120416s1992 ||||||||||||||||| || u a0415062152 aHD 2971 Dar aD'Art, Daryl, 1943-10aEconomic democracy and financial participation aa comparative study aLondonbRoutledgec1992 axxiii, 355 p. : ill. a0.00 aIncludes bibliographical references (p. [332]-346) and index. aPROFIT-SHARING--CASE STUDIES 0aBUSINESS